[Event "Quebec op"]
[Site "Montreal"]
[Date "1987.08.01"]
[Round "7"]
[White "Landriault, Francois"]
[Black "McCrea, Grant"]
[Result "1/2-1/2"]
[WhiteElo "1724"]
[BlackElo "1957"]
[PlyCount "83"]
[EventDate "1987.07.26"]
[EventType "swiss"]
[EventRounds "8"]
[EventCountry "CAN"]
[SourceTitle "EXT 2022"]
[Source "ChessBase"]
[SourceDate "2021.10.06"]
[SourceVersion "1"]
[SourceVersionDate "2021.10.06"]
[SourceQuality "1"]

1. e4 c6 2. d4 d5 3. Nc3 dxe4 4. Nxe4 Nd7 5. Nf3 Ngf6 6. Ng3 Qc7 7. Bd3 e6 8. 0-0 Bd6 9. c4 0-0 10. Re1 c5 11. Be3 b6 12. Ng5 Bb7 13. Nh5 h6 14. Nxf6+ Nxf6 15. Nf3 Ng4 16. h3 Nxe3 17. fxe3 Rad8 18. Qe2 Bg3 19. Red1 cxd4 20. exd4 Kh8 21. b3 Qf4 22. Qe5 Bxf3 23. Qxf4 Bxf4 24. gxf3 Be3+ 25. Kg2 Bxd4 26. Rac1 Rd6 27. Be2 e5 28. b4 Rc8 29. Rc2 g6 30. Rcd2 Kg7 31. f4 f6 32. fxe5 fxe5 33. Rc2 Rf6 34. Bd3 Rcf8 35. Rdd2 Rd6 36. Be4 Rdf6 37. Re2 Rf1 38. c5 Rg1+ 39. Kh2 bxc5 40. bxc5 Rb1 41. c6 Rc8 42. Rg2 1/2-1/2